000 04081cam a22003978i 4500
999 _c29265
_d29236
001 21868046
003 EG-ScBUE
005 20210727142354.0
008 210103s2021 enk f b 001 0 eng d
020 _a9780367362096
040 _aLBSOR/DLC
_beng
_erda
_cDLC
_dEG-ScBUE
082 0 4 _a657.0285
_bBUS
_222
100 1 _aBusulwa, Richard,
_d1980-
_eauthor.
245 1 0 _aDigital transformation in accounting /
_cRichard Busulwa and Nina Evans.
264 1 _aAbingdon, Oxon ;
_aNew York, NY :
_bRoutledge,
_c2021.
300 _axiii, 284 pages ;
_c24 cm.
336 _atext
_btxt
_2rdacontent
337 _aunmediated
_bn
_2rdamedia
338 _avolume
_bnc
_2rdacarrier
490 0 _aBusiness & digital transformation
504 _aIncludes bibliographical references and index.
505 0 _aIntroduction and need for this book -- IT, information systems, strategic information systems, and digital technologies -- Digital technology advancements and digital disruption: game-changing opportunities and existential threats -- Digital business, the digital business imperative, and digital business transformation -- Digital disruption and digital transformation of accounting -- Impact of digital disruption and digital transformation on accountants -- The role of accountants in digital transformation strategy, digital business strategy, digital learning, adaptability and agility -- Role of Accountants in digital customer engagement, digital stakeholder engagement, and digital customer experience -- Role of accountants in enterprise architecture, technology sourcing, data analytics, and data management -- Role of accountants in security, information privacy, and digital ethics -- Role of accountants in digital leadership, accelerated change and transformation, digital risk management, and digital governance -- Keeping up with digital technologies -- Data Management, Data Analytics and Data Science Technologies -- Internet of Things Technologies -- Artificial Intelligence Technologies -- Video analytics, computer vision, and virtual reality technologies -- Robotics, drones and 3D/4D printing technologies -- Network and connectivity technologies -- Blockchain and distributed ledger technologies.
520 _a"Digital Transformation in Accounting is a critical guidebook for accountancy and digital business students to navigate the effects of digital technology advancements, digital disruption and digital transformation on the accounting profession. Drawing on the latest research, this book: Unpacks dozens of digital technology advancements, explaining what they are and how they could be used to improve accounting practice Discusses the impact of digital disruption and digital transformation on different accounting functions, roles and activities Integrates traditional accounting information systems concepts and contemporary digital business and digital transformation concepts Includes a rich array of real-world case studies, simulated problems, quizzes, group and individual exercises as well as supplementary electronic resources. Provides a framework and a set of tools to prepare the future accounting workforce for the era of digital disruption. This book is an invaluable resource for students on accounting, accounting information systems and digital business courses, as well as accountants, accounting educators, and accreditation / advocacy bodies"--
_cProvided by publisher.
650 7 _aAccounting
_xData processing.
_2BUEsh
650 7 _aAccounting
_xComputer programs.
_2BUEsh
650 7 _aComputer software
_xAccounting.
_2BUEsh
650 7 _aInformation storage and retrieval systems
_xAccounting.
_2BUEsh
653 _bGGEN
_cJuly2021
655 _vReading book
_934232
700 1 _aEvans, Nina,
_eauthor.
776 0 8 _iOnline version:
_aBusulwa, Richard, 1980-
_tDigital transformation in accounting
_dAbingdon, Oxon ; New York, NY : Routledge, 2021
_z9780429344589
_w(DLC) 2020051666
906 _a7
_bcbc
_corignew
_d1
_eecip
_f20
_gy-gencatlg
942 _2ddc
_cBB